00687nam a2200217 4500001000800000005001700008008000500025010001700030020002500047040001400072043001200086050002000098082002000118100002600138245007000164260004600234300006400280440003000344504006400374650003100438200393120141201164446.0000  a 90150419  a0949324191 :c$38.47 aUOELcDLC au-at---00aQL693b.F6 198900a598.25/09942201 aFord, H. A. (Hugh A.)10aEcology of birds :ban Australian perspective /cby Hugh A. Ford. aChipping Norton, NSW :bS. Beatty,c1989. axvi, 288 p., [9] p. of plates :bill. (some col.) ;c23 cm. 0aAustralian ecology series aIncludes bibliographical references (p. 243-268) and index. 0aBirdsxZoologyzAustralia.